LEADER 01964nam 2200565 450 001 9910796044703321 005 20170228161806.0 010 $a9781469873299 011 $a978-1-4698-7329-9 035 $a(CKB)3710000001629599 035 $a(MiAaPQ)EBC5568207 035 $a(Au-PeEL)EBL5568207 035 $a(OCoLC)989821020 035 $a(DNLM)101701187 035 $a(DLC) 2017009025 035 $a(DLC)9781469873282 035 $a(EXLCZ)993710000001629599 100 $a20170224h20182018 uy 0 101 0 $aeng 135 $aurcnu|||||||| 181 $ctxt$2rdacontent 182 $cc$2rdamedia 183 $acr$2rdacarrier 200 10$aAnatomy of the eye and orbit $ethe clinical essentials /$fThomas F. Freddo and Edward Chaum 205 $aFirst edition. 210 1$aPhiladelphia :$cWolters Kluwer Heath,$d[2018] 210 4$d©2018 215 $a1 online resource (518 pages) 311 $a978-1-4698-7328-2 320 $aIncludes bibliographical references and index. 327 $aThe orbit -- Eyelids and adnexa -- Overview of the eye -- Cornea -- Conjunctiva and limbus -- Sclera, episclera, and tenon's capsule -- Iris -- Ciliary body -- Aqueous outflow pathways -- Lens -- Vitreous -- Choroid and choroidal circulation -- Sensory retina -- Retinal pigmented epithelium -- Optic nerve -- Embryology of the eye -- Anatomy of the eye as seen by OCT. 606 $aEye$xanatomy & histology 606 $aEye$xPhysiology 606 $aEye$xAnatomy 606 $aEye-sockets 608 $aAtlases 615 12$aEye$xanatomy & histology 615 0$aEye$xPhysiology. 615 0$aEye$xAnatomy. 615 0$aEye-sockets. 676 $a612.8/4 700 $aFreddo$b Thomas F.$0785790 702 $aChaum$b Edward 801 0$bDNLM/DLC 801 1$bDLC 801 2$bUtOrBLW 906 $aBOOK 912 $a9910796044703321 996 $aAnatomy of the eye and orbit$93807938 997 $aUNINA LEADER 03426nam 22006015 450 001 9910300081403321 005 20250709120242.0 010 $a1-4939-0443-4 024 7 $a10.1007/978-1-4939-0443-3 035 $a(CKB)3710000000094961 035 $a(EBL)1697852 035 $a(OCoLC)881165996 035 $a(SSID)ssj0001187002 035 $a(PQKBManifestationID)11644347 035 $a(PQKBTitleCode)TC0001187002 035 $a(PQKBWorkID)11242760 035 $a(PQKB)10915641 035 $a(MiAaPQ)EBC1697852 035 $a(DE-He213)978-1-4939-0443-3 035 $a(PPN)177823704 035 $a(EXLCZ)993710000000094961 100 $a20140326d2014 u| 0 101 0 $aeng 135 $aur|n|---||||| 181 $ctxt 182 $cc 183 $acr 200 10$aAtlas of Endocrine Pathology /$fby Lori A. Erickson 205 $a1st ed. 2014. 210 1$aNew York, NY :$cSpringer New York :$cImprint: Springer,$d2014. 215 $a1 online resource (208 p.) 225 1 $aAtlas of Anatomic Pathology,$x2625-3380 300 $aDescription based upon print version of record. 311 08$a1-4939-0442-6 320 $aIncludes bibliographical references and index. 327 $aThyroid Histology -- Thyroiditis -- Graves Disease (Diffuse Hyperplasia) -- Thyroid Goiter -- Papillary Thyroid Carcinoma -- Hyalinizing Trabecular Tumor -- Follicular Thyroid Neoplasms -- Hurthle Cell Thyroid Neoplasms -- Poorly Differentiated Thyroid Carcinoma -- Anaplastic Thyroid Carcinoma -- Tumors of C Cells -- Unusual Thyroid Tumors -- Metastases to Thyroid -- Parathyroid Histology -- Parathyroid Hyperplasia -- Parathyroid Adenoma -- Parathyroid Carcinoma -- Parathyromatosis -- Metastases to Parathyroid -- Adrenal Gland Histology -- Adrenal Cysts -- Adrenal Cortical Hyperplasia -- Adrenal Cortical Adenoma -- Adrenal Cortical Carcinoma -- Adrenal Myelolipoma -- Pheochromocytoma and Adrenal Medullary Hyperplasia -- Ganglioneuroma and Neuroblastoma -- Unusual Adrenal Tumors -- Metastases to the Adrenal Gland. 330 $aAtlas of Endocrine Pathology provides a comprehensive compendium of photomicrographs of common and uncommon entities in endocrine pathology. The volume includes histologic features of normal features, reactive conditions, hyperplasia, and tumors. The most helpful diagnostic features are illustrated to provide direction and clues to the diagnosis of endocrine tumors. Furthermore, photomicrographs highlight the most pertinent diagnostic features in problematic diagnoses in endocrine pathology.  Authored by a nationally and internationally recognized pathologist, Atlas of Endocrine Pathology is an important learning tool for those becoming familiar with the diverse entities encountered in endocrine pathology and a valuable reference for practicing pathologists faced with challenging diagnoses in endocrine pathology. 410 0$aAtlas of Anatomic Pathology,$x2625-3380 606 $aPathology 606 $aEndocrinology 606 $aPathology 606 $aEndocrinology 615 0$aPathology. 615 0$aEndocrinology. 615 14$aPathology. 615 24$aEndocrinology. 676 $a612.4 676 $a616.4 700 $aErickson$b Lori A.$4aut$4http://id.loc.gov/vocabulary/relators/aut$0755321 906 $aBOOK 912 $a9910300081403321 996 $aAtlas of Endocrine Pathology$91521896 997 $aUNINA